000
00309cam a22001217a 4500
008
180718b1954 xxu||||| |||| 00| 0 eng d
082
_a
AA6 St31
100
_a
Stebbing, I. Susan
245
_a
Logic in practice
_c
by L. Susan Stebbing
260
_a
London
_b
Methen
_c
1954
300
_a
xi, 90p
650
_a
Logic.
999
_c
416215
_d
416215